| 000 | 00369nam a2200145Ia 4500 | ||
|---|---|---|---|
| 008 | 150201s2010 xx 000 0 und d | ||
| 082 |
_a616.01 _bT2010G |
||
| 100 | _aGUPTE, SATISH | ||
| 245 | _aTHE SHORT TEXT BOOK OF MICROBIOLOGY | ||
| 250 | _a10TH | ||
| 260 |
_bJAYPEE MEDICAL PUBLISHER _aDELHI _c2010 |
||
| 300 | _a1-476 | ||
| 650 | _aMICROBIOLOGY | ||
| 942 |
_2ddc _cBK |
||
| 999 |
_c4618 _d4618 |
||